000 00557nam a2200193Ia 4500
003 SISC
005 20170116101314.0
008 140529s9999 xx 000 0 und d
020 _a9780415699532
050 _aG 550
_b.G53 2012
100 _aGibson, Philip.
245 _aCruise operations management /
_cPhilip Gibson.
250 _a2nd edition.
260 _aLondon ; New York :
_bRoutledge,
_c2012.
300 _a312 pages :
_bill. ;
_c24 cm.
500 _aIncludes bibliographical references and index.
942 _kFOR
_cBK
_2lcc
999 _c117873
_d117873